Проектирование образовательных программ подготовки бакалавров с учетом преимуществ интегрированного обучения: монография

Bibliografske podrobnosti
Glavni avtor: Бибик В. Л. Владислав Леонидович
Korporativna značnica: Национальный исследовательский Томский политехнический университет (ТПУ) Юргинский технологический институт (ЮТИ)
Izvleček:Заглавие с титульного экрана
Электронная версия печатной публикации
Режим доступа: из корпоративной сети ТПУ
Jezik:ruščina
Izdano: Томск, Изд-во ТПУ, 2011
Teme:
Online dostop:http://www.lib.tpu.ru/fulltext2/m/2015/m021.pdf
Format: Elektronski Knjiga
KOHA link:https://koha.lib.tpu.ru/cgi-bin/koha/opac-detail.pl?biblionumber=283099

MARC

LEADER 00000nlm0a2200000 4500
001 283099
005 20240112162344.0
035 |a (RuTPU)RU\TPU\book\307129 
090 |a 283099 
100 |a 20150204d2011 k y0rusy50 ca 
101 0 |a rus 
102 |a RU 
105 |a a z 001zy 
135 |a drcn ---uucaa 
181 0 |a i  
182 0 |a b 
200 1 |a Проектирование образовательных программ подготовки бакалавров с учетом преимуществ интегрированного обучения  |e монография  |f В. Л. Бибик  |g Национальный исследовательский Томский политехнический университет (ТПУ) 
203 |a Текст  |c электронный 
210 |a Томск  |c Изд-во ТПУ  |d 2011 
300 |a Заглавие с титульного экрана 
300 |a Электронная версия печатной публикации 
333 |a Режим доступа: из корпоративной сети ТПУ 
337 |a Adobe Reader 
606 1 |a Педагогика высшей школы  |x Образовательные программы  |2 stltpush  |3 (RuTPU)RU\TPU\subj\69928  |9 84565 
610 1 |a электронный ресурс 
610 1 |a труды учёных ТПУ 
610 1 |a монографии 
610 1 |a инженерные кадры 
610 1 |a подготовка 
610 1 |a подготовка специалистов 
610 1 |a специалисты 
610 1 |a интегрированное образование 
610 1 |a интегрированное обучение 
610 1 |a проектирование 
610 1 |a бакалавры 
686 |a Ч481.21  |2 rubbk 
700 1 |a Бибик  |b В. Л.  |c специалист в области машиностроения  |c доцент Юргинского технологического института (филиала) Томского политехнического университета, кандидат технических наук  |f 1970-  |g Владислав Леонидович  |3 (RuTPU)RU\TPU\pers\24496  |9 10819 
712 0 2 |a Национальный исследовательский Томский политехнический университет (ТПУ)  |b Юргинский технологический институт (ЮТИ)  |c (2009- )  |3 (RuTPU)RU\TPU\col\15903 
801 2 |a RU  |b 63413507  |c 20151023  |g RCR 
856 4 |u http://www.lib.tpu.ru/fulltext2/m/2015/m021.pdf 
942 |c CF